Rethinking Organization : New Directions in Organization Theory and Analysis /

Contenido: 1. Desarrollos de la teoría: ¿Paradigmas inconmesurables? Signos vitales desde tres perspectivas; El entendimiento simbólico de las organizaciones; Estudios sobre organizaciones y autoridad científica; Poniendo la teoría en su lugar: la organización social de la teoría organizacional; Par...

Descrizione completa

Salvato in:
Dettagli Bibliografici
Autore principale: Reed, Michael (ed. e introd.)
Altri autori: Hughes, Michael (edición) (edición)
Natura: Libro
Lingua:inglese
Pubblicazione: Londres, Inglaterra : Sage, 1994, c1992
Soggetti:
Tags: Aggiungi Tag
Nessun Tag, puoi essere il primo ad aggiungerne!!

MARC

LEADER 00000nam^a2200000^a^4500
001 000154132
005 20250521000000.0
009 20260310100343.867
020 |a 0-8039-8287-9 
037 |a Acervo ITESO - Biblioteca 
041 |a ING 
082 |a 658. 001  |b REE 
100 |a Reed, Michael  |e (ed. e introd.) 
245 1 0 |a Rethinking Organization :  |b New Directions in Organization Theory and Analysis /  |c Ed. de M. Reed, M. Hughes ; introd. de M. Reed. 
264 4 |a Londres, Inglaterra :  |b Sage,  |c 1994, c1992 
300 |a VIII, 309 p. 
336 |a texto  |b txt  |2 rdacontenido 
337 |a sin mediación  |b n  |2 rdamedio 
338 |a volumen  |b nc  |2 rdasoporte 
520 |a Contenido: 1. Desarrollos de la teoría: ¿Paradigmas inconmesurables? Signos vitales desde tres perspectivas; El entendimiento simbólico de las organizaciones; Estudios sobre organizaciones y autoridad científica; Poniendo la teoría en su lugar: la organización social de la teoría organizacional; Paradigmas perdidos, ¿paraíso recobrado?; 2. Cambiando las formas organizacionales: La construcción social de las organizaciones y los mercados: análisis comparativo de recetas de negocios; Cambiando las formas organizacionales: de abajo hacia arriba; Volver al futuro: tiempo y organización; Transformación en el trabajo: revisión de post-fordismo. 3. Problemáticas emergentes: Teoría de la organización en la era posmoderna; Reescritura del género en la teoría organizacional: directrices desde la perspectiva feminista; Organizaciones formales como representación: control remoto, desplazamiento y abreviación; Contextos formativos y sistemas de actividades: acercamientos posmodernos a la administración del cambio. 
649 |a XX 
650 |a Administración -  |x Teoría 
650 |a Empresas -  |x Administración 
650 |a Empresas -  |x Teoría 
650 |a Género 
650 |a Feminismo 
650 |a Sociedad Postindustrial 
650 |a Modernidad y Posmodernidad 
650 |a Empresa y Sociedad 
650 |a Filosofía Empresarial 
650 |a Organización (Economía) 
650 |a Cambio Organizacional 
650 |a Cambios Sociales y Culturales 
650 |a Desarrollo Organizacional 
650 |a Ciencias Administrativas 
700 |a Hughes, Michael  |e (edición) 
910 |a Fondo General 
920 |a Impresos - Libros 
930 |a Colección General 
905 |a 101 
901 |a 0500086045  |b IT1  |c ACC  |u 20250521 
902 |a https://opac.biblio.iteso.mx/vufind/Record/000154132